<?xml version="1.0" encoding="UTF-8"?>
<record
    xmlns:xsi="http://www.w3.org/2001/XMLSchema-instance"
    xsi:schemaLocation="http://www.loc.gov/MARC21/slim http://www.loc.gov/standards/marcxml/schema/MARC21slim.xsd"
    xmlns="http://www.loc.gov/MARC21/slim">

  <leader>00626nam a22001337a 4500</leader>
  <datafield tag="040" ind1=" " ind2=" ">
    <subfield code="c">RUA</subfield>
  </datafield>
  <datafield tag="082" ind1=" " ind2=" ">
    <subfield code="a">FIS MOK 2012 B184 Or.1</subfield>
  </datafield>
  <datafield tag="100" ind1=" " ind2=" ">
    <subfield code="a">MOK, KUNGKEAR.</subfield>
  </datafield>
  <datafield tag="245" ind1=" " ind2=" ">
    <subfield code="a">Enhanchement of crawfish (Palaemonetes kadiakenis) production semi-intensive rearing, &#x1780;&#x17B6;&#x179A;&#x1794;&#x1784;&#x17D2;&#x1780;&#x17BE;&#x1793;&#x1794;&#x179A;&#x17B7;&#x1798;&#x17B6;&#x178E;&#x1780;&#x17C6;&#x1796;&#x17B9;&#x179F;&#x179F;&#x17D2;&#x179A;&#x17C2;&#x178F;&#x17B6;&#x1798;&#x1794;&#x17C2;&#x1794;&#x1796;&#x17B6;&#x1780;&#x17CB;&#x1780;&#x178E;&#x17D2;&#x178F;&#x17B6;&#x179B;&#x1794;&#x17D2;&#x179A;&#x1796;&#x179B;&#x179C;&#x1794;&#x17D2;&#x1794;&#x1780;&#x1798;&#x17D2;&#x1798;&#x1780;&#x17D2;&#x1793;&#x17BB;&#x1784;&#x179F;&#x17D2;&#x179A;&#x17C7;</subfield>
  </datafield>
  <datafield tag="260" ind1=" " ind2=" ">
    <subfield code="a">Phnom Penh</subfield>
    <subfield code="b">RUA</subfield>
    <subfield code="c">2012</subfield>
  </datafield>
  <datafield tag="300" ind1=" " ind2=" ">
    <subfield code="a">x; 34p.</subfield>
    <subfield code="b">ill.</subfield>
    <subfield code="c">29cm.</subfield>
  </datafield>
  <datafield tag="856" ind1=" " ind2=" ">
    <subfield code="u">https://drive.google.com/file/d/1n6JM6SGPhX8lNrM5H_XxgnDV8LJ4oGsI/view?usp=sharing</subfield>
  </datafield>
  <datafield tag="942" ind1=" " ind2=" ">
    <subfield code="c">FIS</subfield>
  </datafield>
  <datafield tag="999" ind1=" " ind2=" ">
    <subfield code="c">4003</subfield>
    <subfield code="d">4003</subfield>
  </datafield>
  <datafield tag="952" ind1=" " ind2=" ">
    <subfield code="0">0</subfield>
    <subfield code="1">0</subfield>
    <subfield code="2">ddc</subfield>
    <subfield code="4">0</subfield>
    <subfield code="6">FIS_MOK_2012_000000000000000_B184_OR_1</subfield>
    <subfield code="7">0</subfield>
    <subfield code="9">20233</subfield>
    <subfield code="a">LBB</subfield>
    <subfield code="b">LBB</subfield>
    <subfield code="c">B184</subfield>
    <subfield code="d">2015-12-04</subfield>
    <subfield code="o">FIS MOK 2012 B184 Or.1</subfield>
    <subfield code="p">RUA035235</subfield>
    <subfield code="r">2015-12-04</subfield>
    <subfield code="w">2015-12-04</subfield>
    <subfield code="y">FIS</subfield>
  </datafield>
  <datafield tag="952" ind1=" " ind2=" ">
    <subfield code="0">0</subfield>
    <subfield code="1">0</subfield>
    <subfield code="2">ddc</subfield>
    <subfield code="4">0</subfield>
    <subfield code="6">FIS_MOK_2012_000000000000000_B184_OR_2</subfield>
    <subfield code="7">0</subfield>
    <subfield code="9">20234</subfield>
    <subfield code="a">LBB</subfield>
    <subfield code="b">LBB</subfield>
    <subfield code="c">B184</subfield>
    <subfield code="d">2015-12-04</subfield>
    <subfield code="l">2</subfield>
    <subfield code="o">FIS MOK 2012 B184 Or.2</subfield>
    <subfield code="p">RUA036895</subfield>
    <subfield code="r">2024-02-12</subfield>
    <subfield code="s">2024-01-29</subfield>
    <subfield code="w">2015-12-04</subfield>
    <subfield code="y">FIS</subfield>
  </datafield>
  <datafield tag="952" ind1=" " ind2=" ">
    <subfield code="0">0</subfield>
    <subfield code="1">0</subfield>
    <subfield code="2">ddc</subfield>
    <subfield code="4">0</subfield>
    <subfield code="6">FIS_MOK_2012_000000000000000_B184_OR_3</subfield>
    <subfield code="7">0</subfield>
    <subfield code="9">20235</subfield>
    <subfield code="a">LBB</subfield>
    <subfield code="b">LBB</subfield>
    <subfield code="c">B184</subfield>
    <subfield code="d">2015-12-04</subfield>
    <subfield code="l">7</subfield>
    <subfield code="o">FIS MOK 2012 B184 Or.3</subfield>
    <subfield code="p">RUA035233</subfield>
    <subfield code="r">2025-01-02</subfield>
    <subfield code="s">2024-12-13</subfield>
    <subfield code="w">2015-12-04</subfield>
    <subfield code="y">FIS</subfield>
  </datafield>
  <datafield tag="952" ind1=" " ind2=" ">
    <subfield code="0">0</subfield>
    <subfield code="1">0</subfield>
    <subfield code="2">ddc</subfield>
    <subfield code="4">0</subfield>
    <subfield code="6">FIS_MOK_2012_000000000000000_B184_OR_4</subfield>
    <subfield code="7">0</subfield>
    <subfield code="9">20236</subfield>
    <subfield code="a">LBB</subfield>
    <subfield code="b">ML</subfield>
    <subfield code="c">B184</subfield>
    <subfield code="d">2015-12-04</subfield>
    <subfield code="l">4</subfield>
    <subfield code="o">FIS MOK 2012 B184 Or.4</subfield>
    <subfield code="p">RUA036974</subfield>
    <subfield code="q">2025-03-24</subfield>
    <subfield code="r">2025-02-15</subfield>
    <subfield code="s">2025-02-15</subfield>
    <subfield code="w">2015-12-04</subfield>
    <subfield code="y">FIS</subfield>
  </datafield>
  <datafield tag="952" ind1=" " ind2=" ">
    <subfield code="0">0</subfield>
    <subfield code="1">0</subfield>
    <subfield code="2">ddc</subfield>
    <subfield code="4">0</subfield>
    <subfield code="6">FIS_MOK_2012_000000000000000_B184_OR_5</subfield>
    <subfield code="7">0</subfield>
    <subfield code="9">20237</subfield>
    <subfield code="a">LBB</subfield>
    <subfield code="b">LBB</subfield>
    <subfield code="c">B184</subfield>
    <subfield code="d">2015-12-04</subfield>
    <subfield code="l">1</subfield>
    <subfield code="o">FIS MOK 2012 B184 Or.5</subfield>
    <subfield code="p">RUA036729</subfield>
    <subfield code="r">2026-03-12</subfield>
    <subfield code="s">2026-02-09</subfield>
    <subfield code="w">2015-12-04</subfield>
    <subfield code="y">FIS</subfield>
  </datafield>
  <datafield tag="952" ind1=" " ind2=" ">
    <subfield code="0">0</subfield>
    <subfield code="1">0</subfield>
    <subfield code="2">ddc</subfield>
    <subfield code="4">0</subfield>
    <subfield code="6">FIS_MOK_2012_000000000000000_B1_226_OR_1</subfield>
    <subfield code="7">0</subfield>
    <subfield code="9">78602</subfield>
    <subfield code="a">LBB</subfield>
    <subfield code="b">LBB</subfield>
    <subfield code="c">B1.226</subfield>
    <subfield code="d">2019-03-26</subfield>
    <subfield code="o">FIS MOK 2012 B1.226 Or.1</subfield>
    <subfield code="p">A36632</subfield>
    <subfield code="r">2019-03-26</subfield>
    <subfield code="w">2019-03-26</subfield>
    <subfield code="y">FIS</subfield>
  </datafield>
</record>
